| 000 | 00547nam a2200181 i 4500 | ||
|---|---|---|---|
| 001 | 35598 | ||
| 003 | ES-MaACL | ||
| 005 | 20230906155148.0 | ||
| 007 | t| | ||
| 008 | 030213s1966 sp ||||1| spa d | ||
| 100 | 1 |
_aBoudaille, Georges. _930850 |
|
| 245 | 1 | 0 |
_aGauguin / _cGeorges Boudaille ; traducción de José Antonio Fontanilla. |
| 260 |
_aMadrid, etc. : _bDaimon, _c[1966] |
||
| 300 |
_a270 p. : _bil. ; _c21 cm. |
||
| 600 | 0 | 4 |
_aGauguin, Paul. _956001 |
| 700 | 1 |
_aFontanilla, José Antonio. _951619 |
|
| 852 |
_aES-MaACL _jC-33278 _bR.64125 |
||
| 999 |
_c35598 _d35598 |
||